Statistics for Countries that Eat the Most Meat

Click here to take the quiz!

General Stats

  • This quiz has been taken 29,813 times
    (13,138 since last reset)
  • The average score is 13 of 20

Answer Stats

Grams/dayCountry% Correct
73.9United States
99%
63.1Germany
90%
69.7France
88%
66.5Spain
85%
71.6Australia
83%
67.6Sweden
78%
64.5Norway
77%
73.5Finland
74%
65.7Argentina
73%
72.7Portugal
71%
74.8Denmark
70%
68.4Netherlands
66%
104.4Iceland
63%
64.9Austria
62%
67.4Luxembourg
52%
76.7Lithuania
36%
68.7Malta
33%
72.6Israel
30%
67.4Albania
20%
68.7Montenegro
16%

Score Distribution

Percentile by Number Answered

Percent of People with Each Score

Your Score History

You have not taken this quiz since the last reset